000 00658nam a2200181 a 4500
001 000041525
005 20201002035625.0
008 131009s1981 sp 001 0 spa d
020 _a8400048768
040 _aDO-SdBNP
_bspa
_cBNPHU
100 1 _aSánchez Alonzo, María Cristina
_968249
245 1 0 _aImpresos de los siglos XVI y XVII de temática madrileña /
_cMaría Cristina Sánchez Alonzo.
260 _aMadrid :
_bCSIC,
_c1981.
300 _a615 p. ;
_c25 cm.
500 _aIncluye índice
504 _aIncluye referencias bibliográficas y notas al pie de las páginas
710 2 _aConsejo Superior de Investigaciones Científicas (España)
_915178
999 _c41015
_d41015